Chase Elliott Nascar Wins By Track - Statistics

General Stats
  • This quiz has been taken 17 times
  • The average score is 18 of 20
Answer Stats
Year Race Answer % Correct
2019 Bank Of America Roval 400 Charlotte
100%
2020 Alsco Uniforms 500 Charlotte
100%
2020 Bank Of America Roval 400 Charlotte
100%
2020 Season Finale 500 Phoenix
100%
2019 Geico 500 Talladega
100%
2022 Yellawood 500 Talladega
100%
2018 Go Bowling at The Glen Watkins Glen
100%
2019 Go Bowling at The Glen Watkins Glen
100%
2022 Quaker State 400 Atlanta
93%
2025 Quaker State 400 Atlanta
93%
2021 EchoPark Automotive Texas Grand Prix Cota
93%
2018 Hollywood Casino 400 Kansas
93%
2024 Autotrader EchoPark Automotive 400 Texas
93%
2018 Gander Outdoors 400 Dover
86%
2022 DuraMAX Drydene 400 Dover
86%
2020 Go Bowling 235 Daytona
79%
2020 Xfinity 500 Martinsville
79%
2022 M&M's Fan Appreciation 400 Pocono
79%
2022 Ally 400 Nashville
64%
2021 Jockey Made in America 250 Road America
64%
No matching quizzes found
Score Distribution
Percent of People with Each Score
Percentile by Number Answered
Your Score History
You have not taken this quiz